Ministers misconduct / (Record no. 126360)

MARC details
000 -LEADER
fixed length control field 00699nam a22002297a 4500
005 - DATE AND TIME OF LATEST TRANSACTION
control field 20170124110008.0
010 ## - LIBRARY OF CONGRESS CONTROL NUMBER
LC control number 707181
020 ## - INTERNATIONAL STANDARD BOOK NUMBER
Terms of availability 00.00
International Standard Book Number 706920793
035 ## - SYSTEM CONTROL NUMBER
System control number 707181
037 ## - SOURCE OF ACQUISITION
Source of stock number/acquisition Cen Lib/Ret
040 ## - CATALOGING SOURCE
Original cataloging agency DPL
Language of cataloging EN
082 ## - DEWEY DECIMAL CLASSIFICATION NUMBER
Classification number 351.9
Item number NOO
100 ## - MAIN ENTRY--PERSONAL NAME
Personal name Noorani, A.G.
9 (RLIN) 4247
245 ## - TITLE STATEMENT
Title Ministers misconduct /
Statement of responsibility, etc by A.G.Noorani
260 ## - PUBLICATION, DISTRIBUTION, ETC. (IMPRINT)
Place of publication, distribution, etc New Delhi
Name of publisher, distributor, etc Vikas publishing house
Date of publication, distribution, etc 1973
270 ## - ADDRESS
Address 5,Ansari Road Darya Ganj
City New Delhi
Postal code 110002
300 ## - PHYSICAL DESCRIPTION
Extent 412p.
Dimensions 21cm(Hb)
500 ## - GENERAL NOTE
General note Includes index
650 ## - SUBJECT ADDED ENTRY--TOPICAL TERM
Topical term or geographic name as entry element Executive departments--Management
9 (RLIN) 74405
650 ## - SUBJECT ADDED ENTRY--TOPICAL TERM
Topical term or geographic name as entry element Executive departments--Officials and employees
9 (RLIN) 74406
942 ## - ADDED ENTRY ELEMENTS (KOHA)
Source of classification or shelving scheme Dewey Decimal Classification
Koha item type English Books
Classification part 351.9
Call number suffix NOO
Holdings
Withdrawn status Lost status Damaged status Not for loan Home library Current library Date acquired Source of acquisition Cost, normal purchase price Total Checkouts Full call number Barcode Date last seen Copy number Cost, replacement price Price effective from Koha item type
        Central Library Central Library 25/06/2015 Cen Lib/Ret 0.00   351.9 NOO 707181 25/06/2015 1 0.00 25/06/2015 English Books

© Delhi Public Library
Hit Counter
free hit counter